000 00579cam a22002053a 4500
001 45201
003 PGUSA
005 20140828084032.0
008 140324s2014||||xxu|||||s|||||000 | eng d
040 _aPGUSA
_beng
042 _adc
100 1 _aEverett-Green, Evelyn,
_d1856-1932
245 1 0 _aFallen Fortunes
_h[electronic resource] /
_cEvelyn Everett-Green
260 _bProject Gutenberg,
_c2014
506 _aPublic domain in the USA.
516 _aElectronic text
830 0 _aProject Gutenberg
_v45201
856 4 0 _uhttp://www.gutenberg.org/ebooks/45201
942 _cEB
999 _c274452
_d274452